000 00367nam a2200157Ia 4500
008 210210b1949 xxu||||| |||| 00| 0 eng d
041 _aeng
082 _a828/309
100 _aIremonger (F A)
245 _aWilliam Temple
260 _aLondon
_bOxford University Press
_c1949
650 _aWilliam
650 _aTemple
690 _aBiography
906 _a016154
999 _c135564
_d135564